000 00487nam a2200181Ia 4500
008 230711s9999||||xx |||||||||||||| ||und||
020 _a978-0-07-107003-4
041 _aENG
082 _a620.105
_bCR-M
100 _aCrandall,Stephen H
245 3 _aAn introduction to mechanics of solids
250 _a3rd Ed.
260 _c2016
_aNew Delhi
_bMcGraw Hill Education(India) Private Limited
300 _a570p.
650 _aCivil Engineering
700 _aDahl,Norman C
942 _cBK
999 _c6143
_d6143